Statistics for Grand Theft Auto 4 car manufacturers

Click here to take the quiz!

General Stats

  • This quiz has been taken 49 times
  • The average score is 10 of 38

Answer Stats

Real life equivalentGTA 4 car manufacturer% Correct
Lamborghini/PaganiPegassi
55%
FerrariGrotti
55%
Mercedes-BenzBenefactor
47%
Aston MartinDewbauchee
47%
FordVapid
47%
CadillacAlbany
47%
AudiObey
47%
BMWÜbermacht
45%
PorschePfister
42%
Toyota/Infiniti/SubaruKarin
39%
ChevroletDeclasse
34%
HondaDinka
34%
HummerMammoth
32%
NissanAnnis
32%
Maserati/JaguarOcelot
32%
DodgeBravado
29%
Maybach/Rolls-RoyceEnus
26%
CorvetteInvetero
26%
ChryslerSchyster
24%
FreightlinerMTL
21%
PontiacImponte
21%
Clark/KenworthHVY
21%
Buick/MercuryWillard
21%
PeterbiltJobuilt
18%
VolkswagenVulcar
18%
Ducati/SuzukiShitzu
16%
MercuryDundreary
16%
OldsmobileClassique
16%
LexusEmperor
13%
Club CarProLaps
13%
West Coast ChoppersLiberty City Cycles
13%
GMCBrute
11%
Caterpillar Inc./MANDUDE
11%
Harley DavidsonWestern Motorcycle Company
8%
Diamond Star MotorsZirconium
8%
Mitsubishi/DaihatsuMaibatsu Corporation
5%
American IronHorseSteel Horse
5%
Orange County ChoppersLiberty Chop Shop
3%

Score Distribution

Percentile by Number Answered

Percent of People with Each Score

Your Score History

You have not taken this quiz